000 01072nam a22003257a 4500
003 CHAP
005 20220329143656.0
008 101216s1991 mx r 00010 spa d
010 _a100171
011 _a101143
035 _a111830
040 _cCHAP
090 _aFolleto 17868
110 1 _aMéxico, Congreso de la Unión
_976861
245 1 0 _aLey sobre producción, certificación y comercio de semillas
_c/por Congreso de la Unión
260 _aMéxico, D. F. :
_bSARH. Delegación Estatal Sonora,
_c1991
300 _a56 p.
590 _aBATCH-UPD
_b10
_c20130110
_lUCH01
_h0843
590 _aBATCH-UPD
_b10
_c20130410
_lUCH01
_h0517
590 _aBATCH-UPD
_b10
_c20130914
_lUCH01
_h2019
590 _aCONVERSION
_b10
_c20130109
_lUCH01
_h1355
650 1 4 _aSemillas
_xCertificación.
_9103883
650 1 4 _aSemillas
_xLegislación.
_9103908
650 1 4 _aSemillas
_xMercadeo.
_9103916
650 1 4 _aSemillas
_xProducción.
_9103927
901 _aBK
911 _aen proceso
942 _cFOLL
949 _aFolleto 17868
_bBC
_cFOLL
_d33724002122751
_eTS1
_i111830
_sb
999 _c100171
_d100171